Race rules : navigating the color line /

Bibliographic Details
Main Author: Dyson, Michael Eric
Format: eBook
Language:English
Published: Reading, Mass. : Addison-Wesley Pub. Co., 1996.
Series:Black thought and culture.
Subjects:
Online Access:Connect to the full text of this electronic book

MARC

Tag First Indicator Second Indicator Subfields
LEADER 00000cam a22000003i 4500
001 in00002503580
005 20190327173458.0
006 m||||||||d||||||||
007 cr |n ---||a|a
008 960701s1996 mau s 001|0 eng d
010 |a  96032592  
020 |a 0201911868 (alk. paper) 
035 |9 (DLC) 96032592 
035 |a (VaAlASP)ASPS00017260/bltc 
040 |a DLC  |c DLC  |d DLC  |d VaAlASP  |d UtOrBLW 
043 |a n-us--- 
050 0 0 |a E185.615  |b .D95 1996 
082 0 0 |a 305.8/00973  |2 20 
100 1 |a Dyson, Michael Eric. 
245 1 0 |a Race rules :  |b navigating the color line /  |c Michael Eric Dyson. 
264 1 |a Reading, Mass. :  |b Addison-Wesley Pub. Co.,  |c 1996. 
300 |a vii, 232 pages ;  |c 21 cm. 
336 |a text  |b txt  |2 rdacontent 
337 |a computer  |b c  |2 rdamedia 
338 |a online resource  |b cr  |2 rdacarrier 
500 |a Includes index. 
533 |a Electronic reproduction.  |b Alexandria, VA :  |c Alexander Street Press,  |d 2007.  |f (Black thought and culture).  |n Available via World Wide Web. 
500 |a Electronic resource. 
650 0 |a African Americans  |x Social conditions  |y 1975- 
651 0 |a United States  |x Race relations. 
655 0 |a Electronic books. 
776 1 |c Original  |z 0201911868 (alk. paper)  |w (DLC) 96032592  
830 0 |a Black thought and culture. 
856 4 0 |z Connect to the full text of this electronic book  |u http://proxy.library.tamu.edu/login?url=http://www.aspresolver.com/aspresolver.asp?BLTC;S17260  |t 0 
999 |a MARS 
999 f f |s 71639a34-719e-37ee-9769-587d4e266733  |i 32fb8ab8-0e24-358f-931b-f6aed4239106  |t 0 
952 f f |a Texas A&M University  |b College Station  |c Electronic Resources  |d Available Online  |t 0  |e E185.615 .D95 1996  |h Library of Congress classification 
998 f f |a E185.615 .D95 1996  |t 0  |l Available Online